[Event "Challenge"]
[Site "http://www.queenalice.com/game.php?id=1289290"]
[Date "2014.6.19"]
[Round "-"]
[White "Scooby_99"]
[Black "Zywalter"]
[Result "0-1"]
[WhiteElo "1652"]
[BlackElo "1100"]

1. e4 e5 2. Bc4 d6 3. d4 exd4 4. Nf3 c5 5. O-O Bg4 6. c3 dxc3 7. Bd5 Qc7 8. Nxc3
a6 9. Bg5 Be7 10. Bxe7 Nxe7 11. Bxf7+ Kd8 12. Nd5 Nxd5 13. Bxd5 Rf8 14. e5 Nd7
15. Qd3 Bxf3 16. Bxf3 Nxe5 17. Qxh7 Nxf3+ 18. gxf3 Qf7 19. Qh4+ Kc7 20. Rfe1
Rae8 21. Qa4 Rxe1+ 22. Rxe1 Qxf3 23. Re7+ Kb8 24. Qd7 Qxf2+ 25. Kh1 Qf1# 0-1

[Event "Challenge"]
[Site "http://www.queenalice.com/game.php?id=1289291"]
[Date "2014.6.19"]
[Round "-"]
[White "Zywalter"]
[Black "Scooby_99"]
[Result "1-0"]
[WhiteElo "1100"]
[BlackElo "1652"]

1. e4 e5 2. Nf3 Nf6 3. Nxe5 Nc6 4. Nxc6 dxc6 5. d3 Be6 6. Bg5 Be7 7. Nc3 Qd7 8.
h3 O-O-O 9. Qf3 h6 10. Bd2 Kb8 11. O-O-O Rhg8 12. Kb1 Ne8 13. Be2 Nd6 14. g4 g5
15. d4 Bc4 16. Bxc4 Nxc4 17. Qxf7 Rdf8 18. Qxc4 Rg7 19. Be3 a6 20. d5 Rf3 21.
dxc6 Qxc6 22. Qxc6 bxc6 23. Bd4 c5 24. Bxg7 1-0

[Event "Challenge"]
[Site "http://www.queenalice.com/game.php?id=1289671"]
[Date "2014.6.21"]
[Round "-"]
[White "princesher"]
[Black "Zywalter"]
[Result "1/2-1/2"]
[WhiteElo "1835"]
[BlackElo "1100"]

1. e4 e5 2. d3 Nc6 3. c3 d5 4. Nd2 Nf6 5. exd5 Qxd5 6. f3 Bc5 7. Qb3 Bxg1 8.
Qxd5 Nxd5 9. Rxg1 Ne3 10. Ke2 Nxf1 11. Nxf1 Bf5 12. g4 Bg6 13. Bg5 f6 14. Bh4
O-O-O 15. Rd1 Bf7 16. a3 h6 17. Ne3 Bb3 18. Rd2 Be6 19. Nc2 a6 20. Rgd1 Bb3 21.
Ke3 Ne7 22. c4 Bxc2 23. Rxc2 g5 24. Bg3 Ng6 25. d4 exd4+ 26. Rxd4 Rdf8 27. b4 f5
28. gxf5 Rxf5 29. Rc3 Ne7 30. Re4 Rf7 31. Kf2 h5 32. h4 g4 33. Rf4 Rxf4 34. Bxf4
Rf8 35. Bg5 Ng6 36. Kg3 Rxf3+ 37. Rxf3 gxf3 38. c5 f2 39. Kxf2 Kd7 40. Ke3 Ke6
41. Ke4 c6 42. Bd8 Ne5 43. Bg5 Nf7 44. Kf4 Ne5 45. Bd8 Nf7 46. Bg5 Ne5 47. Bd8
Nf7 48. Bg5 1/2-1/2

[Event "Challenge"]
[Site "http://www.queenalice.com/game.php?id=1289672"]
[Date "2014.6.21"]
[Round "-"]
[White "Zywalter"]
[Black "princesher"]
[Result "1-0"]
[WhiteElo "1100"]
[BlackElo "1835"]

1. e4 e5 2. Nf3 d6 3. d4 Bg4 4. dxe5 Bxf3 5. Qxf3 dxe5 6. Bc4 Qf6 7. Qb3 b6 8.
O-O Bc5 9. Be3 Nd7 10. Nc3 c6 11. Na4 h6 12. Nxc5 bxc5 13. Qb7 Rb8 14. Qxa7 Qd8
15. Qa3 Ra8 16. Qc3 Ne7 17. Rfd1 Qb6 18. Qb3 Qxb3 19. Bxb3 Rc8 20. Bxf7+ Kxf7
21. Rxd7 Rb8 22. Bxc5 Rhe8 23. b3 Rb5 24. Bxe7 Rxe7 25. Rxe7+ Kxe7 26. a4 Rb7
27. a5 Kd6 28. f3 g5 29. a6 Ra7 30. Kf2 Kc7 31. Ke3 Kb6 32. h3 Kb5 33. Ra4 c5
34. c4+ Kb6 35. g4 Rxa6 36. Rxa6+ Kxa6 37. Kd3 Kb6 38. Kc3 Ka5 39. b4+ Kb6 40.
Kb3 cxb4 41. Kxb4 Kc6 42. c5 Kd7 43. Kb5 Kc7 44. c6 Kb8 45. Kb6 Kc8 46. c7 Kd7
47. Kb7 Kd6 48. c8=Q Ke7 49. Qc6 Kf8 50. Qd7 Kg8 51. Kc6 Kf8 52. Kd5 Kg8 53. Ke6
Kh8 54. Kf6 Kg8 55. Qg7# 1-0